LIBRARY & INFORMATION CENTRE, KCAET, TAVANUR

ONLINE PUBLIC ACCESS CATALOGUE (OPAC)

Democratic institutions in the world today / (Record no. 2099)

MARC details
000 -LEADER
fixed length control field 00417cam a2200157ua 4500
041 ## - LANGUAGE CODE
Language code of text/sound track or separate title eng
082 ## - DEWEY DECIMAL CLASSIFICATION NUMBER
Classification number 321.8
Item number BUR/DE
100 ## - MAIN ENTRY--AUTHOR NAME
Personal name Burmeister, Werner .
245 ## - TITLE STATEMENT
Title Democratic institutions in the world today /
250 ## - EDITION STATEMENT
Edition statement 1 /
260 ## - PUBLICATION, DISTRIBUTION, ETC. (IMPRINT)
Place of publication Newyork :
Name of publisher Frederick A praeger,INC ,
Year of publication 1958.
300 ## - PHYSICAL DESCRIPTION
Number of Pages 157 ; .
942 ## - ADDED ENTRY ELEMENTS (KOHA)
Koha item type Books
Holdings
Withdrawn status Lost status Damaged status Home library Current library Date acquired Full call number Accession Number Koha item type
Withdrawn     KAUAET Sanskrit University 07/04/2012 321.8 695 Books
free website counter